[Event "RUS-ch Superfinal"]
[Site "Moscow"]
[Date "2005.12.21"]
[Round "3"]
[White "Motylev, Alexander"]
[Black "Kramnik, Vladimir"]
[Result "1/2-1/2"]
[WhiteElo "2632"]
[BlackElo "2739"]
[Annotator "Huzman,A"]
[PlyCount "43"]
[EventDate "2005.12.19"]
[EventType "tourn"]
[EventRounds "11"]
[EventCountry "RUS"]
[EventCategory "17"]
[SourceTitle "CBM 111"]
[Source "ChessBase"]
[SourceDate "2006.04.04"]
[SourceVersion "1"]
[SourceVersionDate "2006.04.04"]
[SourceQuality "1"]

1. e4 e5 2. Nf3 Nf6 3. d4 Nxe4 4. Bd3 d5 5. Nxe5 Nd7 6. Nxd7 Bxd7 7. O-O Bd6 8.
c4 c6 9. cxd5 cxd5 10. Nc3 Nxc3 11. bxc3 O-O 12. Qh5 g6 13. Qxd5 Qc7 14. c4 Bc6
$146 (14... Be6 15. Qf3 Bxc4 16. Bh6 (16. Bxc4 Qxc4 17. Qf6 Qe6 18. Qxe6 fxe6
19. Rb1 b6 20. Re1 Rfe8 $11 {0-1 Hanley,C-Gwaze,R/British Rapidplay Halifax
2003/FCD (51)}) 16... Rfe8 17. Rfc1 b5 18. g3 (18. Bxc4 bxc4 19. Qf6 Bf8 20.
Bf4 Qb6 21. Qxb6 axb6 22. Rxc4 Rxa2 23. Rcc1 Rxa1 {1/2-1/2 Groszpeter,
A-Rabiega,R/Leiner 1996/EXT 98 (23)}) (18. Be4 Rac8 19. Bb7 Rb8 20. Bc6 Bxh2+
21. Kh1 Re6 22. d5 Rxc6 23. dxc6 Be5 24. Re1 $40 {1-0 Hunt,A-Hanley,C/
Blackpool 2003/CBM 95 ext (32)}) 18... Rad8 19. a4 (19. Rab1 Bf8 20. Bxc4 $6 (
20. Bxf8 Rxf8 21. Rxb5 Rxd4 22. Bf1 $1 $16) 20... Bxh6 21. Bxb5 $4 Bxc1 22.
Bxe8 Rxe8 23. Rb7 Qc4 $1 {0-1 Sadvakasov,D-David,A/Moscow 2005/CBM 106/[Huzman]
(23)}) 19... a6 {[#]} 20. Rab1 $14 {1/2-1/2 Anand,V-Ivanchuk,V/Calvia Olympiad
2004/(40)}) (14... Bxh2+ 15. Kh1 Bd6 $1 (15... Bc6 $1) 16. c5 Be7 17. Qf3 Be6
18. d5 Qe5 19. dxe6 Qxa1 20. exf7+ Kh8 21. Qxb7 $16 {1-0 Nguyen Van
Huy-Abhyudaya,R/Bikaner IND 2004/(27)}) 15. Qg5 Bxh2+ 16. Kh1 Bd6 17. d5 (17.
Bb2 $5 Rae8 (17... f6 18. Qg4) 18. Rae1 f6 19. Qg4 Rxe1 20. Rxe1 Qa5 21. Re6
Qd2 $132) 17... Rae8 $1 {An important intermediate move helping Black to
consolidate his position.} (17... Bd7 18. Bb2 $16) (17... f6 18. Qh4 (18. Qh6
Bd7 19. Bxg6 hxg6 20. Qxg6+ Kh8 21. Qh5+ Kg8 22. Bh6 Be8 23. Qg4+ Kh8 24. Bxf8
Qh7+ 25. Qh3 Qxh3+ 26. gxh3 Bxf8 $11) 18... Bd7 19. Bb2 Be5 20. Bxe5 fxe5 $11)
18. f4 (18. dxc6 $2 Re5 19. Qh4 Rh5 $17) (18. Bb2 Be5 $1 19. Rab1 Bxb2 20. Rxb2
Bd7 (20... Re5 21. Qg3 Ba4 22. Re2 Rfe8 23. Rfe1 Rxe2 24. Qxc7 Rxe1+ 25. Kh2
Rd1 26. Qa5 $1 Rxd3 27. Qxa4 Rc8 $1 $11) 21. Qf6 b6 $11) 18... f6 19. Qg3 Bd7
20. Bxg6 (20. Rb1 Rf7 21. Be3 b6 $11) 20... hxg6 21. Qxg6+ Kh8 22. Qh6+ (22.
Bb2 Re7 23. Bxf6+ Rxf6 24. Qxf6+ Kg8 $40 {[%cal Ye7h7,Yd6c5]}) 1/2-1/2

[Event "RUS-ch Superfinal"]
[Site "Moscow"]
[Date "2005.12.22"]
[Round "4"]
[White "Kramnik, Vladimir"]
[Black "Zvjaginsev, Vadim"]
[Result "1/2-1/2"]
[WhiteElo "2739"]
[BlackElo "2659"]
[Annotator "Mikhalevski,V"]
[PlyCount "77"]
[EventDate "2005.12.19"]
[EventType "tourn"]
[EventRounds "11"]
[EventCountry "RUS"]
[EventCategory "17"]
[SourceTitle "CBM 111"]
[Source "ChessBase"]
[SourceDate "2006.04.04"]
[SourceVersion "1"]
[SourceVersionDate "2006.04.04"]
[SourceQuality "1"]

1. d4 Nf6 2. c4 g6 3. Nc3 Bg7 4. e4 d6 5. Nf3 O-O 6. Be2 e5 7. O-O Nc6 8. d5
Ne7 9. Bd2 {A very rare move. Kramnik puts aside his favourite Bayonet attack 
(9.b4) and surprises Zviaginsev with a quiet positional plan of attack on the
queenside by means of Rc1; b4 and c5.} Kh8 {Vadim decides to avoid the main
theoretical lines, which usually arise after 9...Ne8 and 9...Nh5. The idea of
9...Kh8 freeing the g8-square in the Bayonet attack was popularized by English
GM Hebden. Probably Zviagintsev prepares a similar manoeuvre of the queen
knight.} ({I believe in case of} 9... Nh5 {White can play not only} 10. g3 ({
but also} 10. Re1 {with the idea} f5 11. exf5 gxf5 $2 (11... Nxf5 {is better.})
12. Nxe5 {and unlike the Bayonet attack the knight on c3 is protected and
White wins a pawn. This is one of the ideas behind 9.Bd2.})) ({A more popular} 
9... Ne8 {which was initiated by Fisher in his match vs Taimanov in 1971 was
tested by Bologan in the following game.} 10. Ne1 f5 11. Nd3 fxe4 12. Nxe4 c6
13. Qb3 Kh8 14. Rae1 b5 15. Nb4 bxc4 16. Bxc4 Rb8 17. Qa3 Qb6 {with mutual
chances in Hansen,C-Bologan,V/Skanderborg DEN 2003.}) 10. Rc1 b6 {Usually it's
not recommended to play on the side where you're worth, but sometimes strong
players break rules usually having an idea in mind. This time Zviaginsev makes
the break c4-c5 more difficult. Is this a good reason to weaken queenside? The
game will show.} ({The only preceding game saw} 10... c5 11. dxc6 bxc6 12. b4
Bb7 13. Bg5 (13. c5 $5) 13... Nfg8 14. Qb3 f6 15. Be3 f5 16. Rfd1 $16 {and
White obtained a clear positional advantage in Peek,M-Coleman,D/Amsterdam 1996.
}) 11. b4 Nd7 {[%csl Rc5][%cal Gf7f5] Preventing c5 and preparing f5.} 12. Ne1
{[%cal Ge1d3,Gc4c5] The knight goes to d3 to support an advance of the c-pawn.}
f5 13. f3 (13. Nd3 {looks more flexible as it leaves an option of f4 open, but
after} Nf6 {it would most likely transpose to the game.} 14. f3 Neg8 15. c5)
13... Ng8 14. Nd3 Ndf6 15. c5 $14 {Usually White can only dream of such a
position - his pieces are on nice squares, the program break c5 was executed.
What else one needs to claim an advantage?} Bh6 $5 {When you have less space
try to get a relief exchanging pieces - this is the idea behind Black's move.}
16. cxd6 {I believe White shouldn't be in a hurry with this exchange. Anyway
Black can't avoid it.} ({Why not to prepare doubling of pieces along the
c-file?} 16. Rc2 $5) 16... cxd6 17. Bxh6 Nxh6 18. Qd2 f4 {Black unties White's
hands for attack on the queenside.} (18... Kg7 {retaining pressure on the
e4-pawn deserved attention.}) 19. Nb5 {[%cal Gb5c7,Gc7e6] White prepares
penetration to c7.} ({Once again} 19. Rc2 {[%cal Gf1c1] with the idea Rfc1
looked strong.}) 19... Ne8 {[%csl Rc7,Rd6]} 20. Qc3 {Renewing an idea of Nc7
and having in mind a positional piece sacrifice in the centre.} Qe7 {Black
protects the centre and provokes Nc7.} ({He could also cover the c7-square by
means of} 20... Rf7) 21. Nc7 Nxc7 22. Qxc7 Bd7 {Now it turns out that the
queen won't be able to stay on the seventh rank, but White had a way to retain
his advantage with 23.b5.} 23. Nf2 {Simple chess. White prevents possible
attack on the kingside in advance and opens the a6-f1-diagonal for the White's
light-squared bishop.} (23. b5 $5 {[%cal Gd3b4,Gb4c6] Preparing a manoeuvre of
the knight via b4 to c6 deserved serious attention.} Rfc8 24. Qb7 Rcb8 25. Qa6
Bc8 26. Qa3 a6 27. Qb2 $1 {[%csl Rc6,Rh8][%cal Gd3f4,Gd3b4,Gb4c6] with a
threat of Nf4 and then Nb4-c6. Probably Kramnik rejected this idea as he was
afraid that it would be difficult to break through on the queeside while Black
has counterchances on the other side of the board.}) 23... Rfc8 24. Qb7 Rcb8
25. Qa6 Bc8 26. Qa3 {[%cal Ge2a6]} a6 $5 {[%csl Rc6,Rc7][%cal Gc8d7,Gh6g8,
Gg8f6,Gf6e8] Black prevents Ba6, which would help White to take control over
the only open file. Now his plan includes Bd7 and Ng8-f6 in order to take
control over the c7-square by means of Ne8 when necessary. Eventually it turns
out that one open file is not enough for win.} 27. Rc6 {[%cal Gf1c1] The idea
of doubling rooks along the c-file is definitely right, but I believe White
could save at least a tempo doubling the rooks the other way.} ({F.e.} 27. Rc3
Bd7 28. Rfc1 Ng8 {and now White can try} 29. Bxa6 $5 {Pinning your own bishop
doesn't look like a great idea, but I don't see how Black can exploit the pin.}
Qd8 (29... Bb5 $6 {looks risky as White obtains full control over the c-file.}
30. Bxb5 Rxa3 31. Rxa3 $14) (29... b5 30. Qa5 $1) 30. Rc6 Bxc6 31. dxc6 Qc7 32.
b5 $1 $44 {[%cal Ga3b2,Gf2d3,Gd3b4,Gb4d5] Preparing Qb3(b2) and Nd3-b4-d5.})
27... Bd7 28. Rc7 Ng8 {[%csl Rc7][%cal Gg8f6,Gf6e8] The knight goes to e8 to
attack the white rook.} 29. Rfc1 Nf6 30. Qb2 ({It wasn't late to try} 30. Bxa6
$5 {although here White is a tempo down comparing to 27.Rc6. Here is a
possible continuation of play.} Qd8 31. R7c6 Bxc6 32. dxc6 Ne8 33. b5 Nc7 34.
Qb3 Nxa6 35. bxa6 Ra7 36. Nd3 b5 37. Nb4 {with a clear advantage for White.
However not all moves are forced.}) 30... Kg8 31. Bf1 Ne8 32. R7c3 Qd8 {
Black is planning to wait and it's not easy to do much about it.} 33. Qd2 Nf6
34. Rc7 Ne8 35. R7c3 Nf6 36. Rc7 Ne8 37. R7c2 Nf6 38. Rc3 Ra7 39. Qc2 {And
having no idea how to break through Black's fortress Kramnik offered a draw.}
1/2-1/2

[Event "RUS-ch Superfinal"]
[Site "Moscow"]
[Date "2005.12.26"]
[Round "7"]
[White "Rublevsky, Sergei"]
[Black "Kramnik, Vladimir"]
[Result "1/2-1/2"]
[WhiteElo "2652"]
[BlackElo "2739"]
[Annotator "Huzman,A"]
[PlyCount "53"]
[EventDate "2005.12.19"]
[EventType "tourn"]
[EventRounds "11"]
[EventCountry "RUS"]
[EventCategory "17"]
[SourceTitle "CBM 111"]
[Source "ChessBase"]
[SourceDate "2006.04.04"]
[SourceVersion "1"]
[SourceVersionDate "2006.04.04"]
[SourceQuality "1"]

1. e4 e5 2. Nf3 Nf6 3. d4 Nxe4 4. Bd3 d5 5. Nxe5 Nd7 6. Nxd7 Bxd7 7. O-O Bd6 8.
c4 c6 9. cxd5 cxd5 10. Nc3 Nxc3 11. bxc3 O-O 12. Qh5 g6 13. Qxd5 Qc7 14. Qf3
Qxc3 (14... Bxh2+ 15. Kh1 Bd6 16. c4 $1 (16. Bh6 Rfe8 17. Qf6 Bf8 18. Bxf8 Rxf8
19. d5 Rfe8 20. Rfe1 Qc5 21. c4 b5 $14 {1/2-1/2 Van der Wiel,J-Van der Sterren,
P/Gouda 1997/EXT 99 (35)}) 16... Rfe8 17. c5 Bf8 18. Be4 Bc6 19. d5 Bb5 20. d6
Qxc5 21. Bd5 $16 {1-0 Erenburg,S-Mikhalevski,V/ISR-ch Ramat Aviv 2004/
ChessBase (42)}) 15. Bh6 (15. Qf6 Qc6 16. Bg5 Bc7 (16... Rfe8 17. Rac1 Re6 18.
Rxc6 Bxc6 $5 (18... Rxf6 19. Rcc1 Re6 $11) 19. d5 Rxf6 20. dxc6 Re6 21. cxb7
Rb8 22. Rb1 $44) 17. Be4 $1 Qxf6 18. Bxf6 Rab8 19. Rfc1 Bf4 20. Rc3 Rfe8 21.
Bd5 $14 {1-0 Galkin,A-Beletsky,A/Sochi 2004/CBM 101/[Huzman] (58)}) 15... Rfe8
16. Qf6 Bf8 17. Bxf8 Rxf8 18. Be4 Bc6 $1 (18... Rab8 $2 19. h4 $1 Rfe8 20. Bf3
Qa5 21. d5 Rbc8 22. Rfc1 $1 Qb6 23. Qf4 $1 $36 {1-0 Psakhis,L-Alterman,B/
Israel 2005/CBM 107/[Psakhis] (40)}) (18... Be6 19. Bxb7 Rad8 20. Rfd1 Bxa2 21.
Rxa2 Qb3 22. Rad2 (22. Rda1 Qxb7 23. Rxa7 $16) 22... Qxb7 23. d5 Rfe8 24. d6
Qb4 25. h4 $36 {1/2-1/2 Borisek,J-Krivokapic,M/EUR-ch B18 Budva 2003/(31)}) (
18... Rad8 19. Rfc1 Qa5 20. Bxb7 Be6 21. Bf3 Rd7 22. Rd1 (22. Qe5 $5 $16) 22...
Rfd8 $44 {1/2-1/2 Van der Wiel,J-Dorfman,J/Germany 1999/CBM 74 ext (24)}) 19.
Rac1 Qb4 $1 {The surest path to equality.} (19... Qa5 20. Bxc6 (20. Rc5 $5 Qd8
(20... Qxa2 21. d5 Ba4 22. d6 $36) 21. Qxd8 Rfxd8 22. d5 Ba4 23. Rc7 Rd7 24.
Rfc1 $14) 20... bxc6 21. Rxc6 Qxa2 $11) (19... Qb2 20. Rc2 Qb6 21. d5 Rfe8 22.
Bf3 $16 {1/2-1/2 Ralls II,R-Borst,J/Chessfriend.com 2003/Telechess CBM 99 (40)}
) 20. Bxc6 (20. Rb1 Qa4 $11) 20... bxc6 21. Rxc6 Rad8 22. Rd1 (22. Ra6 Qxd4 23.
Qxd4 Rxd4 24. Rxa7 Re8 25. g3 Re2 $11) 22... Qa4 $1 23. Rd2 Qb4 24. Rd1 Qa4 25.
Rcc1 Qxa2 26. Ra1 Qb3 27. Rdb1 (27. Rdb1 Qd5 $11) 1/2-1/2

[Event "Paris Ernst Young sim"]
[Site "Paris"]
[Date "2006.05.14"]
[Round "1"]
[White "Kramnik, Vladimir"]
[Black "Mines Paris"]
[Result "1/2-1/2"]
[WhiteElo "2741"]
[BlackElo "1835"]
[PlyCount "51"]
[EventDate "2006.05.14"]
[EventType "simul"]
[EventRounds "1"]
[EventCountry "FRA"]
[SourceTitle "EXT 2007"]
[Source "ChessBase"]
[SourceDate "2006.11.23"]
[SourceVersion "1"]
[SourceVersionDate "2006.11.23"]
[SourceQuality "1"]

1. e4 c5 2. Nf3 d6 3. d4 cxd4 4. Nxd4 Nf6 5. f3 e5 6. Nb3 d5 7. Bg5 Be6 8. Bxf6
gxf6 9. exd5 Bxd5 10. Nc3 Bb4 11. Qd3 Nc6 12. O-O-O Bxb3 13. axb3 Qxd3 14. Bxd3
Bxc3 15. bxc3 Ke7 16. Bf5 Rad8 17. Rxd8 Nxd8 18. Kd2 Ne6 19. Ra1 a6 20. Ra4
Rd8+ 21. Ke3 Nf4 22. g3 Nd5+ 23. Kf2 Nxc3 24. Rc4 Nb5 25. Bd3 h6 26. Ke3
1/2-1/2

[Event "Dortmund SuperGM 34th"]
[Site "Dortmund"]
[Date "2006.08.06"]
[Round "7"]
[White "Kramnik, Vladimir"]
[Black "Leko, Peter"]
[Result "1-0"]
[WhiteElo "2743"]
[BlackElo "2738"]
[Annotator "Postny,E"]
[PlyCount "95"]
[EventDate "2006.07.29"]
[EventType "tourn"]
[EventRounds "7"]
[EventCountry "GER"]
[EventCategory "19"]
[SourceTitle "CBM 114"]
[Source "ChessBase"]
[SourceDate "2006.10.02"]
[SourceVersion "1"]
[SourceVersionDate "2006.10.02"]
[SourceQuality "1"]

{[%mdl 2]} 1. d4 Nf6 2. c4 e6 3. Nc3 Bb4 4. Qc2 O-O 5. a3 Bxc3+ 6. Qxc3 {
In this opening variation White is counting on his pair of bishops and a
slight superiority in the center. On the other hand, black's setup is rather
flexible and out of weaknesses.} b6 7. Bg5 Bb7 8. f3 ({Another main line is} 8.
e3) 8... h6 9. Bh4 d5 10. e3 Nbd7 11. cxd5 Nxd5 12. Bxd8 Nxc3 13. Bh4 Nd5 14.
Bf2 {Both players, especially Kramnik, have big experience in this theoretical
endgame. The position is very close to be equal. White's only trump is the
pair of bishops.} c5 (14... f5 15. Bb5 c6 16. Bd3 c5 17. Ne2 Rac8 18. O-O cxd4
19. Nxd4 Ne5 20. Be2 Nc4 21. Rfc1 Ncxe3 22. Nxe6 Rfe8 23. Rxc8 Bxc8 24. Nd4 Bd7
25. Bxe3 Nxe3 $11 {1-0 Kasparov,G (2815)-Kramnik,V (2780)/Moscow 1998/CBM 067
ext (62)}) 15. e4 (15. Bb5 Rfd8 16. e4 Nc7 $1 17. Bxd7 Rxd7 18. dxc5 f5 $1 19.
cxb6 axb6 20. Ne2 fxe4 21. fxe4 Bxe4 22. O-O Rd2 23. Nc3 Bb7 $15 {1/2-1/2
Kramnik,V (2770)-Kasparov,G (2849)/London 2000/CBM 080 (38)}) 15... Ne7 ({
A bit worse is:} 15... Nf4 $6 16. Be3 Ng6 {The knight on g6 is misplaced.}) 16.
Ne2 {The knight is heading to b5 via c3.} ({The exchange of light-squared
bishops promises nothing for White:} 16. Bb5 Bc6 17. Bxc6 Nxc6 18. Ne2 cxd4 19.
Nxd4 Nxd4 20. Bxd4 Rac8 21. Kd2 Nc5 22. Bxc5 Rxc5 $11 {1/2-1/2 Topalov,V (2739)
-Leko,P (2713)/Cannes 2002/CBM 088 (26)}) 16... Rac8 17. Nc3 cxd4 18. Bxd4 Nc5
{[%csl Yb3]} 19. Rd1 Rfd8 20. Be3 (20. Bb5 Nb3 21. Be3 Rxd1+ 22. Kxd1 Nc6 23.
Bxc6 Bxc6 24. Kc2 Na5 $11 {1/2-1/2 Van Wely,L (2679)-Leko,P (2749)/Wijk aan
Zee 2005/CBM 105 (38)}) 20... Rxd1+ 21. Kxd1 e5 22. b4 $1 $146 {This plan was
probably prepared by Kramnik at home. White is driving away the black knight
from its active position and preparing to hide his monarch on b2. Black is not
able to make use of his temporary advantage in development.} (22. Kc2 Na4 23.
Bb5 Nxc3 24. bxc3 Bc6 25. a4 f5 26. Bxc6 Rxc6 27. Rd1 fxe4 28. fxe4 Rc7 29. Rd6
Kf7 $11 {1/2-1/2 Gyimesi,Z (2602)-Almasi,Z (2646)/Szekesfehervar HUN 2006/The
Week in Chess 592 (38)}) 22... Ne6 23. Kc2 Nc6 (23... f5 {does not really
bother White.} 24. Kb2 $14) 24. Kb2 Kf8 (24... Ncd4 25. Nb5 $1 $14) 25. Bc4
Ncd4 26. Bxe6 $1 Nxe6 27. Nb5 Ra8 {The only way to protect the Pa7.} 28. a4 (
28. Nd6 Ba6 29. b5 Rd8 $1 (29... Bc8 $6 {is too passive.}) 30. Nxf7 Kxf7 31.
bxa6 Rd3 32. Re1 Nc7 33. Rc1 Nxa6 34. Rc3 $14) 28... Ba6 $2 {Surprisingly,
this move is the source for Black's troubles.} ({Much stronger would have been
} 28... Bc6 {. In this case White is not able to perform the manoeuvre
Nb5-a3-c4, because the Pa4 is hanging.}) 29. Na3 $1 Rc8 30. b5 Bb7 {Now it's
clear that 28...Ba6 was a mistake. Black actually lost two tempoes.} 31. Rc1
Rxc1 32. Kxc1 Ke7 ({An attempt for immediate active counterplay does not work:
} 32... f5 33. exf5 Nf4 34. g3 Ng2 35. Bf2 Bxf3 36. Nc4 e4 37. Kd2 $18 {
[%csl Rg2]}) 33. a5 bxa5 34. Bxa7 {[%csl Ra5,Gb5,Re5][%cal Ga3c4]} f5 $1 {
The only chance. Passive defense would lose for sure.} (34... g6 35. Nc4 $18 {
[%csl Ra5,Re5]}) (34... a4 35. Nc4 f6 36. Kb2 Nf4 37. g3 Nd3+ 38. Ka3 f5 39.
Nd2 $18) 35. exf5 Nf4 36. g3 Nh3 37. Nc4 Ng5 {It's already clear that Black
will have to sacrifice his bishop for "b" pawn. The main question is: will
Black manage to exchange or capture white's remaining kingside pawns?} 38. Nxa5
(38. f4 $2 exf4 39. gxf4 Nf3 40. Nxa5 Bd5 41. b6 Kf6 42. Nc4 $1 (42. b7 Bxb7
43. Nxb7 Kxf5 $11) 42... Ke7 $1 (42... Kxf5 $4 43. Ne3+ $18) (42... Nxh2 $6 43.
Nd6 h5 44. b7 Bxb7 45. Bb6 $1 {threatening 46.Bd8 mate!}) 43. h3 (43. Na5 Kf6 {
is a repetition.}) 43... Kd7 {with good drawish chances.} (43... Ng1 $2 44. b7
$18 {[%cal Ga7g1]})) 38... Bd5 $2 {Looks like the decisive mistake. It's
understandable that Leko wanted to take on f3 with the knight, but, in fact
the move in the text loses a vital tempo.} (38... Bxf3 39. b6 (39. Be3 Nf7 40.
b6 Nd8 $11 {[%cal Ge7f6] stopping the pawn.}) 39... Kf6 40. Kd2 $1 {The most
troublesome move for Black.} (40. g4 Nf7 41. b7 Bxb7 42. Nxb7 Kg5 $11) (40. b7
Bxb7 41. Nxb7 Kxf5 $11 {White's pieces are in offside, Black will easily
neutralize all white's remaining pawns.}) 40... Kxf5 41. Ke3 Kg4 (41... Bd5 42.
b7 Bxb7 43. Nxb7 Kg4 44. Bb8 Kh3 (44... Nf3 $145 $1 45. Nc5 h5 46. Ne4 Nxh2 47.
Bxe5 g5 $11) 45. Bxe5 Kxh2 46. Nd6 $18) 42. Bb8 Kh3 (42... Nf7 43. b7 Bxb7 44.
Nxb7 Kh3 45. Nd6 Nxd6 46. Bxd6 Kxh2 47. Bxe5 Kh3 48. Kf4 g6 49. Kf3 g5 50. g4
Kh4 51. Bh2 Kh3 52. Bg3 h5 53. gxh5 $18) 43. Bxe5 Kxh2 44. Kf2 (44. Bf4 Kg2 $11
) 44... Bd5 45. b7 Bxb7 46. Nxb7 Kh3 47. Nc5 h5 48. Bf4 Kg4 (48... Nf7 49. Kf3
g5 50. Bc7 g4+ 51. Kf2 h4 52. Ne6 hxg3+ 53. Bxg3 {and 54.Nf4 mate.}) 49. Bxg5
Kxg5 50. Kf3 Kf5 {White cannot win this.}) 39. b6 Nxf3 40. h3 $3 $18 {A
brilliant decision based on precise calculation. Leko obviously underestimated
this move.} (40. b7 $2 Bxb7 41. Nxb7 Nxh2 {Black's knight is quite active in
this case; White won't be able to keep all his pawns.}) (40. h4 $2 Kf6 41. b7
Bxb7 42. Nxb7 Kxf5 $11 {[%cal Gf5g4]}) 40... Ng5 41. b7 Bxb7 42. Nxb7 Nxh3 43.
Bb6 $1 Kd7 $6 {Good or bad, the only chance was 43...Kf6.} (43... Kf6 44. Nd6
Kg5 45. Bd8+ $1 (45. Kd2 $2 Kg4 46. Ke3 Kxg3 47. Ke4 Ng5+ 48. Kxe5 h5 49. Ne8 (
49. Ne4+ Kg4 (49... Nxe4 $2 50. Kxe4 h4 51. Bd4 h3 52. Bxg7 h2 53. Be5+ $18)
50. Nxg5 Kxg5 51. Ke6 h4 52. Bc7 h3 53. Bh2 Kg4 $11) 49... h4 50. Nxg7 h3 51.
Bc7 Kg2 52. Kf6 Ne4+ 53. Kg6 Ng3 54. f6 h2 55. f7 h1=Q 56. f8=Q Qb1+ $11) 45...
Kg4 46. Be7 Kxg3 47. Bf8 h5 48. Bxg7 Ng5 49. Bxe5+ Kg2 50. f6 h4 51. Nf5 h3 52.
Nh4+ Kg1 53. Bf4 Nf7 54. Kd2 $18) 44. Be3 $1 {The point of 40.h3. Black's
knight is easily cut off by the white bishop. The rest is easy.} Ke7 45. Nc5 g6
46. fxg6 Kf6 47. Bxh6 Kxg6 48. Be3 {[%mdl 4096] Perfect endgame technique by
Kramnik!} 1-0

[Event "World-ch Kramnik-Topalov playoff +2-1=1"]
[Site "Elista"]
[Date "2006.10.13"]
[Round "1"]
[White "Topalov, Veselin"]
[Black "Kramnik, Vladimir"]
[Result "1/2-1/2"]
[WhiteElo "2813"]
[BlackElo "2743"]
[Annotator "Marin,M"]
[PlyCount "93"]
[EventDate "2006.10.13"]
[EventType "match (rapid)"]
[EventRounds "4"]
[EventCountry "RUS"]
[SourceTitle "CBM 115"]
[Source "ChessBase"]
[SourceDate "2006.11.15"]
[SourceVersion "1"]
[SourceVersionDate "2006.11.15"]
[SourceQuality "1"]

1. d4 d5 2. c4 c6 3. Nf3 Nf6 4. Nc3 dxc4 5. a4 Bf5 6. e3 e6 7. Bxc4 Bb4 8. O-O
Nbd7 9. Qe2 O-O 10. e4 Bg6 11. Bd3 Bh5 12. e5 Nd5 13. Nxd5 cxd5 14. Qe3 {
Topalov switches back to the classical main line of the Slav, which brought
him close to what could have easily been his best achievement in the whole
match (see the tragically ended second game).} Re8 15. Ne1 $5 (15. Bd2 Bxd2 16.
Nxd2 Rc8 17. a5 Nb8 18. Bb5 Rf8 19. Nb3 Qe7 20. Nc5 Bg6 21. Rfc1 $14 {1-0
Berkes,F (2578)-Portisch,L (2583)/Heviz 2003/CBM 096 (47)}) (15. Ng5 Nf8 (15...
Bg6 {would just transpose to the second game.}) (15... h6 $2 16. Qh3 $1 $18)
16. Nxh7 Nxh7 17. Bxh7+ Kxh7 18. Qh3 g6 19. g4 Rh8 20. gxh5 Kg7 21. h6+ Kh7 22.
Kh1 Rc8 23. f4 Rc2 24. f5 exf5 25. Rxf5 Qd7 {1/2-1/2 Santoro,G-Sommovigo,A/
corr 1970/Corr 2000 (35). and Black managed to repel the attack.}) 15... Rc8 (
15... Bg6 {allows White keep his knight with} 16. Bxg6 hxg6 17. Nd3 Be7 18. Bd2
{1/2-1/2 Banusz,T (2389)-Erdos,V (2454)/Budapest 2004/CBM 102 ext (26)
although this did not offer him much.}) 16. f4 Bxe1 17. Rxe1 Bg6 18. Bf1 Rc2
19. b3 Qa5 20. Bb5 Rd8 21. Re2 Rcc8 ({The hidden strength of the pair of
bishops can be seen in the variation} 21... Rc3 $2 22. Bd2 $1 Rxe3 23. Bxa5
Rxe2 24. Bxd8 $18 {[%csl Yd7,Ye2]}) 22. Bd2 Qb6 23. Rf2 a6 24. Bf1 Rc6 {
Each player has his own trumps. White has the pair of bishops and an advantage
of space, while Black controls the only open file and has a fantastic bishop.}
25. b4 Rc2 26. b5 a5 27. Bc3 Rxf2 28. Qxf2 Qa7 29. Qd2 Ra8 30. Rc1 Nb6 31. Bb2
Nxa4 32. Ba3 h6 33. h3 Be4 34. Kh2 Nb6 35. Bc5 a4 36. Ra1 Nc4 $5 {The start of
an interesting tactical phase, leading to complete simplification and an
inevitable draw.} 37. Bxc4 b6 38. Qe3 Rc8 39. Bf1 bxc5 40. dxc5 Qxc5 41. Qxc5
Rxc5 42. b6 Rc6 43. b7 Rb6 44. Ba6 d4 45. Rxa4 Bxb7 46. Bxb7 Rxb7 47. Rxd4
1/2-1/2